Statistiken für Unsympathischste Länder der Erde

Klicken Sie hier um das Quiz zu spielen!

Allgemein

  • Dieses Quiz wurde 141 mal gespielt
  • Das Durchschnittsergebnis liegt bei 6 aus 11

Antwortstatistiken

HintAntwort% Korrekt
ÜberwachungChina
83%
KriegstreiberRussland
75%
AntidemokratischNordkorea
73%
Schoßhund vom KriegstreiberBelarus
63%
ArroganzUSA
61%
FrauenrechteIran
58%
SportswashingKatar
41%
religiös extremIrak
39%
noch mehr SportswashingSaudi-Arabien
39%
GeldSchweiz
36%
ÜberheblichkeitFrankreich
25%

Verteilung der Resultate

Perzentil nach korrekt beantworteten Fragen

Anzahl Personen mit jedem Resultat

Ihre Resultats-Entwicklung

Sie haben dieses Quiz noch nicht gespielt